[Event "Paul Keres mem (23rd)"]
[Site "Vancouver CAN"]
[Date "1998.05.15"]
[Round "1"]
[White "Angelvette, Duane"]
[Black "Martinovsky, Ian"]
[Result "0-1"]
[WhiteElo "1707"]
[BlackElo "2107"]
[PlyCount "60"]
[GameId "2160767911873066"]
[EventDate "1998.05.15"]
[EventType "swiss"]
[EventRounds "7"]
[EventCountry "CAN"]

1. e4 c5 2. Nf3 d6 3. d4 cxd4 4. Nxd4 Nf6 5. Nc3 a6 6. Be3 e6 7. Be2 b5 8. a3 Bb7 9. Qd3 Nbd7 10. Nf3 Rc8 11. O-O Be7 12. b4 O-O 13. a4 Qc7 14. Ra3 bxa4 15. Nxa4 Nxe4 16. c4 f5 17. Rc1 f4 18. Bd2 Qb8 19. Nd4 Ne5 20. Qh3 Ng5 21. Qb3 f3 22. Bf1 fxg2 23. Bxg2 Bxg2 24. Kxg2 Qb7+ 25. f3 Rxf3 26. Nxf3 Ngxf3 27. Qxf3 Nxf3 28. Rxf3 Rf8 29. Rcf1 Qe4 30. c5 Qg4+ 0-1

[Event "Paul Keres mem (23rd)"]
[Site "Vancouver CAN"]
[Date "1998.05.15"]
[Round "1"]
[White "Bince, Rolando"]
[Black "Wright, Stephen"]
[Result "0-1"]
[WhiteElo "1818"]
[BlackElo "2239"]
[PlyCount "74"]
[GameId "2160767911873067"]
[EventDate "1998.05.15"]
[EventType "swiss"]
[EventRounds "7"]
[EventCountry "CAN"]

1. e3 g6 2. b3 Bg7 3. Nc3 d5 4. Bb2 Nf6 5. Nf3 O-O 6. Be2 c5 7. d4 Nc6 8. Ne5 cxd4 9. Nxc6 bxc6 10. exd4 c5 11. O-O cxd4 12. Qxd4 Ne4 13. Qe3 Nxc3 14. Bxc3 d4 15. Qf3 Bf5 16. Bd2 Bxc2 17. Bd3 Bxd3 18. Qxd3 Rc8 19. Rac1 Qd7 20. Rxc8 Rxc8 21. Rc1 Rxc1+ 22. Bxc1 Qf5 23. Qxf5 gxf5 24. f4 f6 25. Kf2 Kf7 26. Ke2 Ke6 27. Ba3 Kd7 28. Bc5 e5 29. Bxa7 Kc6 30. a4 Bf8 31. a5 Kb5 32. Bb8 e4 33. Bc7 Bb4 34. Bd8 Bxa5 35. Bxf6 d3+ 36. Ke3 Kb4 37. g4 Kxb3 0-1

[Event "Paul Keres mem (23rd)"]
[Site "Vancouver CAN"]
[Date "1998.05.15"]
[Round "1"]
[White "Cabanas, Francisco"]
[Black "Martinson, Rick"]
[Result "1-0"]
[WhiteElo "2051"]
[BlackElo "1767"]
[PlyCount "59"]
[GameId "2160767911873068"]
[EventDate "1998.05.15"]
[EventType "swiss"]
[EventRounds "7"]
[EventCountry "CAN"]

1. e4 c5 2. Nc3 d6 3. g3 Nc6 4. Bg2 Nf6 5. d3 g6 6. Be3 Bg7 7. h3 O-O 8. Qd2 Rb8 9. Bh6 b5 10. Nf3 Be6 11. Bxg7 Kxg7 12. Ng5 Nd4 13. Nxe6+ Nxe6 14. Nd5 Nxd5 15. exd5 Nd4 16. c3 Nf5 17. h4 b4 18. h5 bxc3 19. bxc3 Rh8 20. h6+ Kg8 21. g4 e6 22. gxf5 exf5 23. d4 f6 24. O-O Kf7 25. dxc5 dxc5 26. d6 Qd7 27. Qd5+ Qe6 28. Qxc5 Rbc8 29. Qxa7+ Ke8 30. Rfe1 1-0

[Event "Paul Keres mem (23rd)"]
[Site "Vancouver CAN"]
[Date "1998.05.15"]
[Round "1"]
[White "Chow, Vincent"]
[Black "Berg, Michael"]
[Result "1-0"]
[WhiteElo "2040"]
[BlackElo "1550"]
[PlyCount "73"]
[GameId "2160767911873070"]
[EventDate "1998.05.15"]
[EventType "swiss"]
[EventRounds "7"]
[EventCountry "CAN"]

1. d4 Nf6 2. c4 e6 3. Nf3 b6 4. g3 Bb7 5. Bg2 Be7 6. O-O O-O 7. Nc3 d5 8. b3 Nbd7 9. Bb2 Ne4 10. Nd2 Nxc3 11. Bxc3 Nf6 12. b4 Ne4 13. Nxe4 dxe4 14. Qb3 Rb8 15. Rfd1 f5 16. e3 Qe8 17. b5 Qf7 18. Rd2 g5 19. d5 exd5 20. cxd5 g4 21. Rad1 Bd6 22. Qa4 Ra8 23. Qd4 Qf6 24. Qxf6 Rxf6 25. Bxf6 a5 26. Bb2 Bc8 27. a4 Bd7 28. Ra1 Kf7 29. Ba3 Ke7 30. Bxd6+ Kxd6 31. Rc1 Rc8 32. Bf1 Be8 33. h3 h5 34. hxg4 hxg4 35. Be2 Bd7 36. Kg2 Be8 37. Rh1 1-0

[Event "Paul Keres mem (23rd)"]
[Site "Vancouver CAN"]
[Date "1998.05.15"]
[Round "1"]
[White "Glusica, Momir"]
[Black "Bronstein, Samuel"]
[Result "1-0"]
[WhiteElo "2110"]
[BlackElo "1633"]
[PlyCount "71"]
[GameId "2160767911873071"]
[EventDate "1998.05.15"]
[EventType "swiss"]
[EventRounds "7"]
[EventCountry "CAN"]

1. d4 Nf6 2. Nf3 e6 3. e3 d5 4. Bd3 Nbd7 5. O-O Be7 6. b3 O-O 7. c4 c6 8. Bb2 Qc7 9. Qc2 h6 10. Nbd2 b6 11. Rac1 Bb7 12. Ne5 Rac8 13. f4 dxc4 14. bxc4 c5 15. Ndf3 Nxe5 16. fxe5 Nd7 17. Qe2 f5 18. exf6 Bxf6 19. Bb1 Rf7 20. Qd3 Nf8 21. Rf2 Rd8 22. Qe2 Rfd7 23. Rd1 cxd4 24. exd4 Ba6 25. Bd3 Qc6 26. Rc1 Qd6 27. Qe3 Bb7 28. Be4 Bxe4 29. Qxe4 a5 30. Qe3 Re8 31. Re2 Ng6 32. Qb3 Nf4 33. Re4 Rdd8 34. Rce1 Kh8 35. Qe3 Rc8 36. Qxf4 1-0

[Event "Paul Keres mem (23rd)"]
[Site "Vancouver CAN"]
[Date "1998.05.15"]
[Round "1"]
[White "Higgs, Ian"]
[Black "Wood, Richard"]
[Result "0-1"]
[WhiteElo "1966"]
[BlackElo "2327"]
[PlyCount "92"]
[GameId "2160767911873072"]
[EventDate "1998.05.15"]
[EventType "swiss"]
[EventRounds "7"]
[EventCountry "CAN"]

1. e4 d5 2. exd5 Nf6 3. d4 Bg4 4. Be2 Bxe2 5. Qxe2 Qxd5 6. Nf3 e6 7. O-O Nc6 8. c3 Bd6 9. Re1 O-O-O 10. Nbd2 Rhe8 11. Nb3 Qh5 12. h3 e5 13. dxe5 Bxe5 14. Be3 Bf4 15. Nfd4 Qxe2 16. Rxe2 Bxe3 17. Rxe3 Rxe3 18. fxe3 Ne5 19. Nd2 Nd3 20. Rb1 Re8 21. Nc4 Nd5 22. Rd1 Nxe3 23. Nxe3 Rxe3 24. Nf5 Re5 25. Nxg7 Nxb2 26. Rf1 Na4 27. c4 Nc3 28. Rxf7 Nxa2 29. Nf5 a5 30. Ne7+ Kb8 31. Nd5 a4 32. Nxc7 Nc3 33. Kh2 a3 34. Nb5 Rxb5 35. cxb5 a2 36. b6 Kc8 37. Rf1 Kd7 38. Rc1 Nb1 39. Rc7+ Kd6 40. Rxh7 a1=Q 41. Rxb7 Nd2 42. Rf7 Nf1+ 43. Kh1 Ne3+ 44. Kh2 Qe5+ 45. Kg1 Qa1+ 46. Kf2 Qf1+ 0-1

[Event "Paul Keres mem (23rd)"]
[Site "Vancouver CAN"]
[Date "1998.05.15"]
[Round "1"]
[White "Holubowicz, Kazimiercz"]
[Black "Booker, Brad"]
[Result "0-1"]
[WhiteElo "1823"]
[BlackElo "2187"]
[PlyCount "64"]
[GameId "2160767911873073"]
[EventDate "1998.05.15"]
[EventType "swiss"]
[EventRounds "7"]
[EventCountry "CAN"]

1. d4 Nf6 2. Nf3 g6 3. Bf4 Bg7 4. Nbd2 O-O 5. e3 d6 6. Bd3 Re8 7. Bg3 Nbd7 8. Bc4 Nb6 9. Bd3 c6 10. c3 e5 11. dxe5 dxe5 12. Qc2 Nfd5 13. O-O-O Qe7 14. h4 h5 15. Ng5 Bg4 16. Bxg6 fxg6 17. Qxg6 Bxd1 18. Rxd1 Nf6 19. Ndf3 Nc4 20. Nd2 Nxd2 21. Rxd2 Rad8 22. f4 Rxd2 23. Kxd2 Qd7+ 24. Kc2 Rd8 25. Kb3 Qd5+ 26. Ka3 b5 27. fxe5 Qc5+ 28. Kb3 Qc4+ 29. Kc2 Qe2+ 30. Kb3 Qd1+ 31. Kb4 Qa4+ 32. Kc5 Qc4# 0-1

[Event "Paul Keres mem (23rd)"]
[Site "Vancouver CAN"]
[Date "1998.05.15"]
[Round "1"]
[White "Keshet, Joshua"]
[Black "Ottosen, David"]
[Result "0-1"]
[WhiteElo "1835"]
[BlackElo "2191"]
[PlyCount "82"]
[GameId "2160767911873074"]
[EventDate "1998.05.15"]
[EventType "swiss"]
[EventRounds "7"]
[EventCountry "CAN"]

1. e4 c5 2. Nf3 Nc6 3. c3 Nf6 4. d3 d6 5. h3 g6 6. Be2 Bg7 7. Bf4 O-O 8. Nbd2 a6 9. a4 Bd7 10. O-O Rc8 11. Nc4 b5 12. axb5 axb5 13. Ne3 Qb6 14. Kh1 h6 15. e5 dxe5 16. Nxe5 Nxe5 17. Bxe5 Bc6 18. Bf3 Rfd8 19. Bxc6 Qxc6 20. Qe2 Nh5 21. Bh2 e6 22. Ra7 Rd7 23. Rxd7 Qxd7 24. Rd1 Qa7 25. Ng4 Nf6 26. Ne5 Qa2 27. d4 cxd4 28. Qxb5 dxc3 29. Qb7 Rf8 30. bxc3 Qc2 31. Qf3 Ne4 32. Nd3 Rd8 33. Re1 Ng5 34. Qb7 Qxd3 35. Bc7 Qd5 36. Qb6 Ra8 37. Rb1 Nxh3 38. Bg3 Ng5 39. Qc7 Ne4 40. Rb8+ Rxb8 41. Qxb8+ Kh7 0-1

[Event "Paul Keres mem (23rd)"]
[Site "Vancouver CAN"]
[Date "1998.05.15"]
[Round "1"]
[White "Kovacs, George"]
[Black "Niksic, John"]
[Result "0-1"]
[WhiteElo "1801"]
[BlackElo "2142"]
[PlyCount "82"]
[GameId "2160767911873075"]
[EventDate "1998.05.15"]
[EventType "swiss"]
[EventRounds "7"]
[EventCountry "CAN"]

1. d4 Nf6 2. Nf3 e6 3. Bg5 Be7 4. c4 Ne4 5. Bxe7 Qxe7 6. a3 b6 7. e3 Bb7 8. Bd3 c5 9. O-O d6 10. Qc2 f5 11. Nbd2 Nxd2 12. Nxd2 Qg5 13. d5 exd5 14. Nf3 Qf6 15. Bxf5 g6 16. Bh3 dxc4 17. Qxc4 d5 18. Qc2 O-O 19. Rad1 Nc6 20. Kh1 Rad8 21. Qe2 Rfe8 22. g3 d4 23. Bg2 d3 24. Rxd3 Ba6 25. Ne1 Rxd3 26. Nxd3 Ne5 27. Be4 Nxd3 28. Bxd3 Bxd3 29. Qxd3 Qxb2 30. Qd5+ Kh8 31. a4 Qe5 32. Rd1 Qxd5+ 33. Rxd5 c4 34. a5 c3 35. axb6 axb6 36. Rd1 b5 37. Kg2 b4 38. Kf3 c2 39. Rc1 b3 40. Ke2 b2 41. Kd2 b1=Q 0-1

[Event "Paul Keres mem (23rd)"]
[Site "Vancouver CAN"]
[Date "1998.05.15"]
[Round "1"]
[White "Ljubisavljevic, Zivojin"]
[Black "Monteith, Donald"]
[Result "1-0"]
[WhiteElo "2496"]
[BlackElo "1890"]
[PlyCount "73"]
[GameId "2160767911873076"]
[EventDate "1998.05.15"]
[EventType "swiss"]
[EventRounds "7"]
[EventCountry "CAN"]

1. e4 e6 2. d3 d5 3. Nd2 Nf6 4. e5 Nfd7 5. f4 c5 6. Ngf3 Nc6 7. g3 Be7 8. Bg2 Nb6 9. O-O Bd7 10. a4 a5 11. h3 h5 12. Nb1 Qc7 13. Nc3 Nb4 14. Nb5 Bxb5 15. axb5 d4 16. c3 dxc3 17. bxc3 N4d5 18. Bd2 c4 19. d4 Qd7 20. Ng5 a4 21. Qc2 g6 22. Ne4 Ra5 23. Nc5 Qc7 24. Nxa4 Rxb5 25. Nxb6 Nxb6 26. Ra7 Nc8 27. Ra8 O-O 28. g4 hxg4 29. hxg4 Nb6 30. Rxf8+ Bxf8 31. f5 gxf5 32. gxf5 exf5 33. Qxf5 Qe7 34. Qg4+ Bg7 35. Bh6 Qf8 36. Be4 Kh8 37. Bg5 1-0

[Event "Paul Keres mem (23rd)"]
[Site "Vancouver CAN"]
[Date "1998.05.15"]
[Round "1"]
[White "McLaren, Sean"]
[Black "Kostadinov, George"]
[Result "0-1"]
[WhiteElo "1904"]
[BlackElo "2297"]
[PlyCount "149"]
[GameId "2160767911873077"]
[EventDate "1998.05.15"]
[EventType "swiss"]
[EventRounds "7"]
[EventCountry "CAN"]

1. Nf3 d5 2. c4 c6 3. cxd5 cxd5 4. d4 Nf6 5. g3 e6 6. Bg2 Nc6 7. O-O Bd6 8. Nc3 O-O 9. Re1 Bd7 10. Bg5 Bb4 11. Rc1 Qa5 12. Bxf6 Bxc3 13. Rxc3 gxf6 14. Ra3 Qd8 15. e4 Ne7 16. e5 f5 17. Qd2 Kg7 18. h4 h6 19. h5 a5 20. Nh2 f6 21. f4 fxe5 22. Rxe5 Nc6 23. Ree3 Qf6 24. Nf3 b5 25. Ne5 Nxe5 26. Rxe5 b4 27. Rae3 Rac8 28. Bf3 Qd8 29. Bd1 Qc7 30. Re1 Qc1 31. Qe2 Qc4 32. Qe3 a4 33. Bxa4 Bxa4 34. Rxe6 Be8 35. Qe5+ Kh7 36. Re7+ Bf7 37. Qxf5+ Kg8 38. Qg4+ Kh8 39. f5 Rg8 40. Qf4 Rg7 41. Qxh6+ Kg8 42. Qf4 Qd3 43. R7e3 Qa6 44. h6 Rh7 45. Qg5+ Kh8 46. Re6 Bxe6 47. fxe6 Qd3 48. Qe5+ Kg8 49. e7 Re8 50. Qxd5+ Rf7 51. Qg5+ Kh7 52. d5 Qd4+ 53. Kh1 Qf6 54. Qxf6 Rxf6 55. Kg2 Rxh6 56. Re5 Kg6 57. g4 Kf7 58. g5 Rd6 59. Kf3 Rxe7 60. Rxe7+ Kxe7 61. Ke4 Ra6 62. Ke5 Rxa2 63. d6+ Kd7 64. g6 Rxb2 65. g7 Rg2 66. Kf6 b3 67. Kf7 b2 68. g8=Q Rxg8 69. Kxg8 b1=Q 70. Kh8 Kxd6 71. Kg8 Ke6 72. Kh8 Kf6 73. Kg8 Qg1+ 74. Kf8 Qg7+ 75. Ke8 0-1

[Event "Paul Keres mem (23rd)"]
[Site "Vancouver CAN"]
[Date "1998.05.15"]
[Round "1"]
[White "Milicevic, Dragoljub"]
[Black "Neufeld, John"]
[Result "1-0"]
[WhiteElo "2345"]
[BlackElo "1977"]
[PlyCount "69"]
[GameId "2160767911873078"]
[EventDate "1998.05.15"]
[EventType "swiss"]
[EventRounds "7"]
[EventCountry "CAN"]

1. Nf3 Nf6 2. g3 d5 3. Bg2 e6 4. O-O Be7 5. d4 Nbd7 6. b3 O-O 7. Bb2 Ne4 8. e3 b6 9. Nbd2 Nd6 10. Ne5 Bb7 11. c4 f6 12. Nd3 Rb8 13. Nf4 Qc8 14. Nxe6 Re8 15. cxd5 Nf8 16. Nf4 g5 17. Nd3 Qf5 18. e4 Qg6 19. f4 Ba6 20. f5 Qf7 21. Qf3 h5 22. Ne5 fxe5 23. dxe5 Bxf1 24. e6 Qh7 25. Rxf1 Nxe6 26. dxe6 Rf8 27. f6 Qg6 28. e5 Nb5 29. Ne4 c6 30. Qf5 Bc5+ 31. Nxc5 Qxf5 32. Rxf5 bxc5 33. Rxg5+ Kh7 34. Be4+ Kh6 35. Bc1 1-0

[Event "Paul Keres mem (23rd)"]
[Site "Vancouver CAN"]
[Date "1998.05.15"]
[Round "1"]
[White "Neufahrt, Gerhard"]
[Black "Long, Hugh"]
[Result "1-0"]
[WhiteElo "2129"]
[BlackElo "1737"]
[PlyCount "93"]
[GameId "2160767911873079"]
[EventDate "1998.05.15"]
[EventType "swiss"]
[EventRounds "7"]
[EventCountry "CAN"]

1. e4 e5 2. Nf3 Nc6 3. Bc4 Bc5 4. b4 Bxb4 5. c3 Be7 6. d4 d6 7. Qb3 Kf8 8. Bxf7 Na5 9. Qa4 Kxf7 10. Qxa5 b6 11. Qa4 Bd7 12. Qc4+ Be6 13. d5 Bd7 14. O-O Bf6 15. h4 h6 16. Na3 a6 17. Be3 b5 18. Qe2 Bxh4 19. c4 b4 20. Nc2 Rb8 21. Qd2 a5 22. Nxh4 Qxh4 23. f4 Nf6 24. fxe5 dxe5 25. Rae1 Kg8 26. Bf2 Qh5 27. Bg3 Kh7 28. c5 c6 29. Qd3 Rhe8 30. Nd4 cxd5 31. exd5+ e4 32. Qd2 Qxd5 33. Bxb8 Rxb8 34. Nb3 Qe6 35. Nxa5 Bb5 36. Rf4 Bd3 37. Qxd3 exd3 38. Rxe6 Rd8 39. Rd6 Ra8 40. Nc6 Rxa2 41. Nxb4 Ra1+ 42. Rf1 Ra5 43. Nxd3 Ne4 44. Rd5 Nc3 45. Re5 Ra3 46. c6 Na4 47. c7 1-0

[Event "Paul Keres mem (23rd)"]
[Site "Vancouver CAN"]
[Date "1998.05.15"]
[Round "1"]
[White "Orlov, Georgi"]
[Black "Spicer, Christopher"]
[Result "1-0"]
[WhiteElo "2584"]
[BlackElo "2018"]
[PlyCount "55"]
[GameId "2160767911873080"]
[EventDate "1998.05.15"]
[EventType "swiss"]
[EventRounds "7"]
[EventCountry "CAN"]

1. d4 Nf6 2. Bg5 e6 3. e4 c5 4. d5 d6 5. Nc3 Be7 6. Nf3 a6 7. Be2 e5 8. a4 b6 9. O-O h6 10. Be3 O-O 11. Nd2 Nh7 12. Nc4 f5 13. exf5 Bxf5 14. Bg4 Bd7 15. f4 Nf6 16. Bxd7 Nbxd7 17. fxe5 Ne8 18. Rxf8+ Bxf8 19. e6 Ndf6 20. Qd3 b5 21. Nd2 Nc7 22. Nde4 Be7 23. Rf1 Rb8 24. axb5 axb5 25. Nxf6+ Bxf6 26. Qg6 Qe8 27. Rxf6 b4 28. Rf7 1-0

[Event "Paul Keres mem (23rd)"]
[Site "Vancouver CAN"]
[Date "1998.05.15"]
[Round "1"]
[White "Pitre, Hanniegn"]
[Black "Milat, Marcel"]
[Result "0-1"]
[WhiteElo "1979"]
[BlackElo "2346"]
[PlyCount "82"]
[GameId "2160767911873082"]
[EventDate "1998.05.15"]
[EventType "swiss"]
[EventRounds "7"]
[EventCountry "CAN"]

1. e4 Nf6 2. e5 Nd5 3. c4 Nb6 4. Nc3 c5 5. a4 a5 6. Nf3 Nc6 7. d4 cxd4 8. c5 dxc3 9. bxc3 e6 10. cxb6 Qxb6 11. Bb5 Qc7 12. Bxc6 bxc6 13. O-O Be7 14. Qd4 O-O 15. Bg5 f6 16. exf6 Bxf6 17. Bxf6 gxf6 18. Rfd1 c5 19. Qd6 Qxd6 20. Rxd6 Rb8 21. Nd2 Kf7 22. Rb1 Rxb1+ 23. Nxb1 Ke7 24. Rb6 d6 25. c4 d5 26. cxd5 exd5 27. Nc3 Be6 28. f3 Rc8 29. Rb7+ Kd6 30. Rxh7 d4 31. Nb5+ Ke5 32. Kf2 Bb3 33. Re7+ Kd5 34. Rd7+ Ke6 35. Rd6+ Ke5 36. f4+ Kxf4 37. Rxf6+ Ke5 38. Ra6 Bxa4 39. Rxa5 Bxb5 40. Rxb5 Ke4 41. Ke2 c4 0-1

[Event "Paul Keres mem (23rd)"]
[Site "Vancouver CAN"]
[Date "1998.05.15"]
[Round "1"]
[White "Plesset, Kiven"]
[Black "Lane, Travis"]
[Result "1-0"]
[WhiteElo "2050"]
[BlackElo "1816"]
[PlyCount "49"]
[GameId "2160767911873083"]
[EventDate "1998.05.15"]
[EventType "swiss"]
[EventRounds "7"]
[EventCountry "CAN"]

1. d4 Nf6 2. Bg5 Ne4 3. Bf4 c5 4. d5 g6 5. Nd2 Nxd2 6. Qxd2 Bg7 7. Bh6 Bxb2 8. Rd1 d6 9. c3 Ba3 10. e4 Bd7 11. Bd3 b5 12. Bg7 Rg8 13. Qh6 c4 14. Qxh7 Rf8 15. Bc2 Qa5 16. Ne2 Bb2 17. O-O Qxa2 18. Bxf8 Bxc3 19. Qg8 Kd8 20. Bg7+ Kc7 21. Bxc3 Qxc2 22. Ba5+ Kb7 23. Qd8 Qxe2 24. Qc7+ Ka6 25. Bb4 1-0

[Event "Paul Keres mem (23rd)"]
[Site "Vancouver CAN"]
[Date "1998.05.15"]
[Round "1"]
[White "Poitras, Luc"]
[Black "Harding, Mike"]
[Result "1-0"]
[WhiteElo "2224"]
[BlackElo "1862"]
[PlyCount "89"]
[GameId "2160767911873084"]
[EventDate "1998.05.15"]
[EventType "swiss"]
[EventRounds "7"]
[EventCountry "CAN"]

1. e4 c5 2. Nf3 d6 3. d4 cxd4 4. Nxd4 Nf6 5. Nc3 a6 6. Bc4 e6 7. Bb3 Be7 8. f4 Qc7 9. O-O Nc6 10. Be3 Bd7 11. Kh1 b5 12. a3 Na5 13. f5 Nxb3 14. cxb3 Qb7 15. fxe6 fxe6 16. Qd3 O-O 17. b4 Ng4 18. Nf3 Nxe3 19. Qxe3 Rac8 20. Rad1 Rcd8 21. h3 Be8 22. Nd4 Rxf1+ 23. Rxf1 Bf7 24. Nce2 Qb6 25. Qg3 Rf8 26. Qg4 h5 27. Qg3 Kh7 28. Qd3 e5 29. Nf5 Bc4 30. Qd1 Rxf5 31. Rxf5 g6 32. Rf3 g5 33. Ng1 Be6 34. Qf1 Kg6 35. Qf2 Qd8 36. Rc3 Qd7 37. Ne2 d5 38. exd5 Qxd5 39. Ng1 e4 40. Qa7 Bf6 41. Rc5 Qd6 42. Qa8 Qd4 43. Qxa6 Bc4 44. Qc8 Qf2 45. Qe8+ 1-0

[Event "Paul Keres mem (23rd)"]
[Site "Vancouver CAN"]
[Date "1998.05.15"]
[Round "1"]
[White "Samani, Arash"]
[Black "Carlisle, Michael"]
[Result "1/2-1/2"]
[WhiteElo "2219"]
[BlackElo "1831"]
[PlyCount "88"]
[GameId "2160767911873085"]
[EventDate "1998.05.15"]
[EventType "swiss"]
[EventRounds "7"]
[EventCountry "CAN"]

1. Nf3 d5 2. c4 e6 3. g3 Nf6 4. Bg2 c6 5. b3 Be7 6. Bb2 Nbd7 7. O-O O-O 8. d4 Ne4 9. Nfd2 f5 10. f3 Nxd2 11. Nxd2 Nf6 12. e4 Qe8 13. Qe2 Bd7 14. Rae1 Qg6 15. exd5 cxd5 16. cxd5 Nxd5 17. f4 Bb4 18. Rc1 Rac8 19. Nf3 Bd6 20. Ne5 Bxe5 21. Qxe5 Bc6 22. Rfe1 Rfe8 23. a3 Kf7 24. b4 Qf6 25. Qe2 a6 26. Rc5 Qd8 27. Rec1 Qd7 28. Qe5 g6 29. a4 b6 30. R5c2 Bxa4 31. Rxc8 Rxc8 32. Rxc8 Qxc8 33. Bxd5 exd5 34. Qxd5+ Qe6 35. Qb7+ Bd7 36. Kf2 Qc6 37. Qxa6 Qc2+ 38. Qe2 Qxe2+ 39. Kxe2 Ke6 40. Ke3 Kd5 41. Bc3 b5 42. h3 h5 43. Be1 Be6 44. Bf2 Bd7 1/2-1/2

[Event "Paul Keres mem (23rd)"]
[Site "Vancouver CAN"]
[Date "1998.05.15"]
[Round "1"]
[White "Skulsky, Ian"]
[Black "Slambor, Jiri"]
[Result "1-0"]
[WhiteElo "2192"]
[BlackElo "1829"]
[PlyCount "113"]
[GameId "2160767911873086"]
[EventDate "1998.05.15"]
[EventType "swiss"]
[EventRounds "7"]
[EventCountry "CAN"]

1. Nf3 c5 2. c4 Nc6 3. g3 g6 4. Bg2 Bg7 5. O-O e6 6. Nc3 Bxc3 7. bxc3 Nge7 8. d4 cxd4 9. cxd4 d5 10. Bg5 Qd7 11. Bf6 Rg8 12. Qd2 dxc4 13. e4 h5 14. Rfe1 Qd6 15. Rab1 b6 16. Qc3 Ba6 17. d5 e5 18. Bxe5 Nxe5 19. Nxe5 b5 20. Bh3 Rd8 21. Re3 f6 22. Nf3 g5 23. Be6 Rf8 24. Nd4 Rb8 25. a3 Rb6 26. Re2 Qe5 27. Qe3 Qd6 28. Reb2 Ng6 29. Nxb5 Bxb5 30. Rxb5 Rxb5 31. Rxb5 Qc7 32. Rc5 Qb6 33. Rxc4 Qxe3 34. fxe3 Ke7 35. Rc7+ Kd6 36. Rxa7 Rb8 37. Ra6+ Ke5 38. Bf5 Nf8 39. h4 g4 40. Ra7 Rb1+ 41. Kf2 Rb2+ 42. Ke1 Rb1+ 43. Ke2 Rb2+ 44. Kd3 Rb3+ 45. Kd2 Rb2+ 46. Kc3 Re2 47. Kd3 Rb2 48. Ra8 Rb3+ 49. Kd2 Rb2+ 50. Kc3 Re2 51. Kd3 Ra2 52. Rxf8 Rxa3+ 53. Kc4 Rxe3 54. Re8+ Kd6 55. Re6+ Kc7 56. d6+ Kc6 57. Rxf6 1-0

[Event "Paul Keres mem (23rd)"]
[Site "Vancouver CAN"]
[Date "1998.05.15"]
[Round "1"]
[White "Spraggett, Kevin"]
[Black "Schemm, Michael"]
[Result "1-0"]
[WhiteElo "2633"]
[BlackElo "2051"]
[PlyCount "45"]
[GameId "2160767911873087"]
[EventDate "1998.05.15"]
[EventType "swiss"]
[EventRounds "7"]
[EventCountry "CAN"]

1. e4 d5 2. exd5 Qxd5 3. Nc3 Qa5 4. d4 Nf6 5. Nf3 Bg4 6. h3 Bxf3 7. Qxf3 c6 8. Bd2 Nbd7 9. O-O-O e6 10. Kb1 Be7 11. g4 g6 12. Be2 h5 13. g5 Nd5 14. Ne4 Qa4 15. c4 Nb4 16. a3 Qc2+ 17. Ka1 Qa4 18. Bxb4 Bxb4 19. c5 Rf8 20. Rc1 b5 21. Nd6+ Ke7 22. Qxc6 a6 23. Bd1 1-0

[Event "Paul Keres mem (23rd)"]
[Site "Vancouver CAN"]
[Date "1998.05.15"]
[Round "1"]
[White "Taylor, Nicholas"]
[Black "Hempson, Peter"]
[Result "1/2-1/2"]
[WhiteElo "1831"]
[BlackElo "2254"]
[PlyCount "130"]
[GameId "2160767911873088"]
[EventDate "1998.05.15"]
[EventType "swiss"]
[EventRounds "7"]
[EventCountry "CAN"]

1. e4 e6 2. d4 d5 3. Nc3 Nf6 4. Bg5 dxe4 5. Nxe4 Be7 6. Bxf6 gxf6 7. Bd3 f5 8. Ng3 c5 9. dxc5 Nc6 10. a3 Bxc5 11. Nh3 Ne5 12. Bb5+ Bd7 13. Bxd7+ Qxd7 14. Qxd7+ Kxd7 15. O-O-O+ Kc6 16. Rhe1 Ng4 17. f3 Ne3 18. Rd2 Rhg8 19. Rde2 Nc4 20. f4 Bd6 21. Nh1 b5 22. g3 h6 23. N1f2 a5 24. Nd3 b4 25. a4 Rgd8 26. Nhf2 Nb6 27. b3 Nd5 28. Nd1 Rac8 29. Ne5+ Bxe5 30. Rxe5 Kb7 31. R1e2 Ka6 32. Rd2 Ne7 33. c4 bxc3 34. Rxd8 Rxd8 35. Nxc3 Nc6 36. Re3 Nd4 37. Nd1 Rc8+ 38. Kb1 Rc5 39. Rd3 Nc6 40. Kb2 Nb4 41. Rd2 Kb6 42. Ne3 Nc6 43. Nc4+ Kc7 44. Ne3 Nb4 45. Rd4 f6 46. Rc4 Kd6 47. h4 h5 48. Rd4+ Kc7 49. Rd2 e5 50. fxe5 fxe5 51. Nxf5 e4 52. Ne3 Nd3+ 53. Ka3 Kd6 54. Rc2 Nb4 55. Nc4+ Kd5 56. Ne3+ Kd4 57. Rxc5 Kxc5 58. g4 Nd5 59. Ng2 hxg4 60. h5 Nf6 61. h6 g3 62. b4+ axb4+ 63. Kb3 Nh7 64. Ne3 Nf6 65. Ng2 Nh7 1/2-1/2

[Event "Paul Keres mem (23rd)"]
[Site "Vancouver CAN"]
[Date "1998.05.15"]
[Round "1"]
[White "Vetemaa, Juri"]
[Black "Harris, Philip"]
[Result "1-0"]
[WhiteElo "2500"]
[BlackElo "2004"]
[PlyCount "55"]
[GameId "2160767911873089"]
[EventDate "1998.05.15"]
[EventType "swiss"]
[EventRounds "7"]
[EventCountry "CAN"]

1. e4 e5 2. Nf3 Nc6 3. Bb5 a6 4. Ba4 Nf6 5. d4 exd4 6. O-O Be7 7. Re1 d5 8. e5 Ne4 9. Nxd4 Bd7 10. Bxc6 Bxc6 11. Qg4 Qd7 12. Qxg7 O-O-O 13. Qxf7 Rdf8 14. Qe6 Nxf2 15. Qxd7+ Kxd7 16. e6+ Ke8 17. Be3 Ng4 18. Nd2 Rhg8 19. h3 Nxe3 20. Rxe3 Bg5 21. Re2 Bb5 22. Nxb5 axb5 23. Rf1 Ke7 24. Nf3 Bf4 25. Kh1 c5 26. Nh4 Bg3 27. Nf5+ Ke8 28. e7 1-0

[Event "Paul Keres mem (23rd)"]
[Site "Vancouver CAN"]
[Date "1998.05.16"]
[Round "2"]
[White "Berg, Michael"]
[Black "McLaren, Sean"]
[Result "0-1"]
[WhiteElo "1550"]
[BlackElo "1904"]
[PlyCount "124"]
[GameId "2160767911873090"]
[EventDate "1998.05.15"]
[EventType "swiss"]
[EventRounds "7"]
[EventCountry "CAN"]

1. d4 Nf6 2. c4 c5 3. d5 e6 4. Nc3 exd5 5. Nxd5 g6 6. Bg5 Bg7 7. Nxf6+ Bxf6 8. Bxf6 Qxf6 9. Qd2 O-O 10. e3 Nc6 11. Nf3 b6 12. Be2 Ba6 13. O-O Rad8 14. e4 Rfe8 15. Bd3 Bc8 16. b3 d6 17. h3 Bxh3 18. Qh6 Bg4 19. Ng5 Qg7 20. Qxg7+ Kxg7 21. f3 Be6 22. Rad1 h6 23. Nxe6+ Rxe6 24. Rfe1 Rde8 25. g4 f5 26. gxf5 gxf5 27. Kf2 f4 28. Rg1+ Kf6 29. Rh1 Rh8 30. Rh5 Nd4 31. Rdh1 Kg7 32. R1h4 Re5 33. Rg4+ Kh7 34. Rgh4 Kg6 35. Rxe5 dxe5 36. Rg4+ Kf6 37. Rh4 h5 38. Bf1 Kg5 39. Rh1 h4 40. Bh3 Kf6 41. Rg1 Nc2 42. Rd1 Nd4 43. Rd2 Rg8 44. Bg4 Ke7 45. Rd1 Rh8 46. Bh3 Kf7 47. Rd3 Kf6 48. Rd1 Rh7 49. Rd3 Ke7 50. Rd1 Rg7 51. Bg4 Kd6 52. Rd3 Kc7 53. Rd1 Kb7 54. Rd2 Ka6 55. Rb2 Ka5 56. a3 b5 57. cxb5 Kxb5 58. Rb1 a5 59. Bh3 Rg3 60. Bf1+ Kb6 61. Be2 h3 62. b4 Rg2+ 0-1

[Event "Paul Keres mem (23rd)"]
[Site "Vancouver CAN"]
[Date "1998.05.16"]
[Round "2"]
[White "Booker, Brad"]
[Black "Orlov, Georgi"]
[Result "0-1"]
[WhiteElo "2187"]
[BlackElo "2584"]
[PlyCount "104"]
[GameId "2160767911873091"]
[EventDate "1998.05.15"]
[EventType "swiss"]
[EventRounds "7"]
[EventCountry "CAN"]

1. e4 c6 2. d4 d5 3. exd5 cxd5 4. c4 Nf6 5. Nc3 e6 6. Nf3 Bb4 7. Bd3 dxc4 8. Bxc4 O-O 9. O-O b6 10. Qe2 Bb7 11. Be3 Nbd7 12. Rac1 a6 13. Ne5 b5 14. Bb3 Bxc3 15. Rxc3 Nd5 16. Rcc1 Nxe5 17. dxe5 Qh4 18. f3 Rfd8 19. g3 Qh5 20. Bc5 Rd7 21. Bd6 Nb6 22. Bc5 Nd5 23. Bd6 Qh6 24. f4 Qh3 25. Rf2 Rdd8 26. Bc2 Rac8 27. Re1 f5 28. Bb3 Kh8 29. Qf1 Qh6 30. Rfe2 Qh5 31. Qf2 Qe8 32. Qa7 Rd7 33. Rc2 Rxc2 34. Bxc2 Nxf4 35. gxf4 Qg6+ 36. Kf2 Qg2+ 37. Ke3 Qxc2 38. Qd4 Qxh2 39. Re2 Qg1+ 40. Rf2 h6 41. Ke2 Qb1 42. a3 Rd8 43. Qc3 Rc8 44. Bc5 Qe4+ 45. Kf1 Bd5 46. b4 Bc4+ 47. Kg1 Qb1+ 48. Kh2 Bd5 49. Qe3 Qh1+ 50. Kg3 Qg1+ 51. Kh3 Qg4+ 52. Kh2 Rxc5 0-1